[Event "SapporoAutumn2018"]
[Site "?"]
[Date "2018.10.07"]
[Round "1.1"]
[White "SATO, Yasuji"]
[Black "SUGIMOTO, Koichi"]
[Result "0-1"]
[WhiteElo "1585"]
[BlackElo "1982"]
[Annotator "Fritz 15 (30s)"]
[PlyCount "86"]
[SourceVersionDate "2018.10.07"]

{[%mdl 8256] B01: Scandinavian Defence} 1. e4 d5 2. Nf3 dxe4 3. Ng5 Bf5 (3...
Nf6 4. Bc4 e6 5. Nc3 a6 6. Ncxe4 Nc6 7. a4 Be7 8. d3 O-O 9. O-O Rb8 10. a5 Bb4
11. c3 Bxa5 12. d4 Bb6 13. Qc2 g6 14. Re1 Kg7 15. Nxf6 Qxf6 16. Ne4 Qd8 17. Qd2
f6 18. Qh6+ {Sequera Paolini,J (2413)-Higatsberger,M (2164) Lienz 2015 1-0 (37)
}) 4. Nc3 Nf6 5. Bc4 e6 6. O-O $146 (6. d3 Bb4 7. O-O Bg4 8. Qe1 exd3 9. Bxd3
Nbd7 10. f3 Bh5 11. Qh4 Bc5+ 12. Kh1 Ne5 13. Be2 Qd4 14. Qg3 Bg6 15. Nb5 Nh5
16. Qh3 Qd7 17. f4 h6 18. Rd1 Nd3 19. cxd3 hxg5 20. d4 Bb6 {Burgos Figueroa,C 
(2237)-Moreto Quintana,A (2153) Barbera del Valles 2007 1/2-1/2 (109)}) (6. Qe2
Qd4 (6... Nc6 7. Bb5 Qd7 8. Ngxe4 Nxe4 9. Nxe4 a6 10. Bxc6 Qxc6 11. d3 Bb4+ 12.
Bd2 Bxd2+ 13. Kxd2 O-O-O 14. Rae1 Rd4 15. f3 Rhd8 16. Nc3 b5 17. Qe3 b4 18. Ne2
R4d5 19. g4 Bxd3 20. cxd3 Rxd3+ 21. Qxd3 {Remolar Gallen,J (2167)-Roca Galarza,
J (2338) Mislata 2012 1/2-1/2 (54)}) 7. Nb5 Qb6 8. Nc3 Bg4 9. f3 exf3 10. gxf3
Bf5 11. d3 h6 12. Nge4 Nbd7 13. Bd2 O-O-O 14. O-O-O Be7 15. Rhg1 Rhg8 16. Be3
Qa5 17. Bd2 Qb6 18. Be3 c5 19. Qf2 Qa5 20. Kb1 a6 {Jovanovic,Z (2330)
-Milanovic,D (2480) playchess.com INT 2005 1-0 (37)}) (6. Qe2 $5 $17) 6... h6
7. Nh3 Bd6 8. d3 exd3 9. Bxd3 Bxh3 10. gxh3 Nc6 11. Ne4 O-O (11... Qe7 12. Qe2
$17) 12. Ng3 (12. Qf3 Nd5 $17) 12... Ne5 13. f4 (13. Be2 $5 $17) 13... Nxd3 $19
14. Qxd3 Bc5+ 15. Kh1 (15. Kg2 Qxd3 16. cxd3 Rad8 $19) 15... Qxd3 16. cxd3 Rad8
17. Rf3 Rd5 18. Be3 $2 (18. Rb1 $19) 18... Rxd3 19. Bxc5 (19. Re1 {is not much
help} Nd5 20. Nf1 Rd8 $19) 19... Rxf3 20. Bxf8 Kxf8 21. Rd1 (21. f5 {doesn't
change the outcome of the game} exf5 22. Kg2 Rd3 23. Nxf5 Rd2+ 24. Kg1 Rxb2 $19
) 21... Ke7 (21... Rf2 $5 {keeps an even firmer grip} 22. b3 $19) 22. f5 Rf2
23. Re1 (23. fxe6 {cannot change what is in store for White} fxe6 24. Rb1 g6
$19) 23... Rxb2 24. fxe6 fxe6 25. Nf5+ (25. a4 {cannot undo what has already
been done} Kd7 $19) 25... Kf7 26. Nd4 Rb6 (26... c5 $5 {and Black can already
relax} 27. Nxe6 c4 28. Kg1 $19) 27. a4 (27. Nb3 {does not solve anything} g5
$19) 27... c5 28. a5 Ra6 29. Nb5 (29. Nb3 {doesn't improve anything} b6 30. Rc1
bxa5 $19) 29... Rxa5 30. Nd6+ Ke7 31. Nf5+ Kf7 (31... Kf8 $142 $5 {seems even
better} 32. Nd6 b6 33. Kg1 $19) 32. Nd6+ Kf8 33. Rxe6 (33. Nxb7 {is the last
straw} Rb5 34. Nd8 $19) 33... Ra6 34. Kg1 (34. Re5 {doesn't get the cat off
the tree} Rxd6 35. Rxc5 b6 36. Rc8+ Kf7 $19) 34... c4 $1 {Deflection: d6} 35.
Rxf6+ (35. Nxc4 Rc6 {Decoy Double attack} (35... Rxe6 {Deflection Pinning}))
35... gxf6 36. Nxc4 Ra2 (36... b5 37. Nd2 b4 38. Kf1 Ra2 39. Ke2 Rxd2+ 40. Kxd2
f5 41. Kc2 a5 42. Kd3 f4 43. Ke4 a4 44. Kd3 a3 45. Kc2 a2 46. Kb2 b3 47. Kxb3
a1=Q 48. Kc4 f3 49. Kb4 Qd4+ 50. Ka3 f2 51. h4 Qc3+ 52. Ka2 f1=Q 53. h3 Qfa1#)
37. Nd6 b6 38. Nf5 (38. Nb5 $19 {hoping against hope}) 38... b5 39. Nd6 b4 40.
Ne4 b3 41. h4 (41. Kf1 {does not win a prize} Rc2 42. Ke1 b2 43. Nd2 Rxd2 44.
Kxd2 b1=Q 45. h4 Qb2+ 46. Kd3 Qf2 47. Kc3 Qe3+ 48. Kc4 Qf4+ 49. Kb3 Qd4 50. Kc2
Qc4+ 51. Kd2 Qb3 52. h3 a5 53. Ke2 a4 54. Kf2 a3 55. h5 a2 56. h4 a1=Q 57. Ke2
Qh1 58. Kf2 Qbf3#) 41... b2 (41... Rc2 42. Nf2 b2 43. Kg2 b1=Q 44. Kf3 Qb3+ 45.
Kf4 Rxf2+ 46. Ke4 Qd1 47. h3 Qd2 48. h5 Rf4#) 42. Nc3 (42. Nd2 {doesn't change
anything anymore} Ra1+ 43. Kf2 Rd1 44. Ke2 Rxd2+ 45. Kxd2 b1=Q 46. h5 Qf5 47.
Ke3 Qe5+ 48. Kd3 Qb5+ 49. Kd4 a5 50. Ke3 a4 51. Kf2 a3 52. h3 a2 53. Kg3 Qe2
54. Kf4 a1=Q 55. Kg3 Qae5+ 56. Kh4 Qf4#) 42... Ra1+ (42... Ra3 43. Nb1 Ra1 44.
Kf2 Rxb1 45. h5 Rc1 46. Ke3 b1=Q 47. Kd4 Rd1+ 48. Ke3 Qd3+ 49. Kf4 Rc1 50. Kg4
Rc4#) 43. Kf2 Rc1 (43... Rc1 44. Ne4 b1=Q 45. Ke3 Re1+ 46. Kd2 Rxe4 47. h5 Qb3
48. h4 Qh3 49. Kc2 Re2+ 50. Kd1 Qf1#) 0-1

[Event "SapporoAutumn2018"]
[Site "?"]
[Date "2018.10.07"]
[Round "1.2"]
[White "YOSHII, Yukihiko"]
[Black "KOYAHATA, Taku"]
[Result "1-0"]
[WhiteElo "1820"]
[BlackElo "1425"]
[Annotator "Fritz 15 (30s)"]
[PlyCount "49"]
[SourceVersionDate "2018.10.07"]

{[%mdl 8256] A54: Old Indian Defence with Nf3, but without e4} 1. c4 e5 2. Nc3
Nf6 3. Nf3 d6 4. d4 exd4 5. Nxd4 Nbd7 $146 (5... g6 6. g3 (6. Bg5 Bg7 7. e3 h6
8. Bh4 Nc6 9. Nxc6 bxc6 10. Be2 Rb8 11. Qc2 O-O 12. O-O Re8 13. Rac1 c5 14. Bf3
Bf5 15. e4 Bd7 16. Bg3 Qc8 17. Rfe1 {1/2-1/2 (17) Kaidanov,G (2605)-Martin Del
Campo C,R (2445) Dallas 1996}) 6... Bg7 (6... Nc6 7. Nxc6 bxc6 8. Bg2 Bd7 9.
Bg5 Bg7 10. Qd2 O-O 11. O-O Re8 12. Rad1 Qc8 13. Rfe1 Bh3 14. Bxc6 Rb8 15. Bxe8
Qxe8 16. b3 Qe5 17. e4 Bg4 18. Rc1 h6 19. Bxh6 Qh5 20. Bxg7 Kxg7 21. h4 {
Haslinger,S (2410)-Ankerst,M (2362) Dos Hermanas 2004 1-0}) 7. Bg2 O-O 8. O-O
Nbd7 (8... a6 9. b3 Re8 10. Bb2 Nbd7 11. Re1 Rb8 12. Qd2 c5 13. Nc2 Nb6 14. e4
Be6 15. Rad1 Bf8 16. h3 Na8 17. Ne3 Nc7 18. Qc2 Qe7 19. f4 Bg7 20. Qf2 b5 21.
f5 Bd7 22. g4 g5 23. Qd2 {Kubien,J (2305)-Dzieniszewski,A (2230) Tarnow 1979
1-0 (41)}) 9. b3 Re8 10. Bb2 c6 11. Rb1 a5 12. e3 Nc5 13. a3 Qb6 14. Ba1 Ng4
15. h3 Nxe3 16. fxe3 Rxe3 17. Kh2 Rd3 18. Qe2 Qd8 19. Ne4 Bxd4 20. Nxc5 {
Christiansen,L (2500)-Henley,R (2340) Lone Pine 1978 1/2-1/2 (50)}) (5... Bd7
6. g3 Nc6 7. Bg2 Qc8 8. h3 Be7 9. Be3 O-O 10. Rc1 Re8 11. a3 Ne5 12. Qb3 Rb8
13. Nd5 Bd8 14. Nb5 Bxb5 15. cxb5 c5 16. O-O Qe6 17. Rfd1 Nxd5 18. Rxd5 Nd7 19.
Qd1 Bc7 20. Rd2 {Vigh,B (2340)-Peisser,M (2250) Hartberg 1991 1-0 (37)}) 6. e4
{Black has a cramped position. Black's piece can't move: c8} Nc5 {Black
threatens to win material: Nc5xe4} 7. Qc2 Nfxe4 $2 (7... a5 $142 $14 {is the
best option Black has}) 8. Nxe4 $18 Qe7 9. Bd3 $4 {weakening the position} (9.
f3 $5 a6 $18) 9... Nxe4 $2 (9... f5 $142 {and Black is still in the game} 10.
Kd1 Nxd3 $11) 10. Bxe4 $16 f5 11. O-O fxe4 (11... Qxe4 $142 $5 12. Qc3 Kf7 $16)
12. Re1 $18 Qf7 $4 {a blunder in a bad position} (12... Kf7 $142 13. Rxe4 Qd8
$18) 13. Qxe4+ Be7 14. Bg5 O-O 15. Bxe7 Qxf2+ 16. Kh1 Re8 (16... Rf7 {hardly
improves anything} 17. Qd5 Bg4 18. Qxb7 $18) 17. Rf1 (17. Qd5+ $142 {makes it
even easier for White} Qf7 18. Nb5 $18) 17... Qxd4 (17... Qxb2 {there is
nothing better in the position} 18. Rab1 Qd2 $18) 18. Qxd4 Rxe7 19. Rf2 (19.
Qh4 $142 $5 {might be the shorter path} Re8 20. Rae1 Be6 $18) 19... Be6 20.
Raf1 Rae8 21. b3 b6 22. h3 h6 (22... a5 {a fruitless try to alter the course
of the game} 23. Re1 $18) 23. a4 a6 24. Qd3 Bf7 25. Rxf7 $1 {Mate threat} (25.
Rxf7 Rxf7 26. Qd5 $18) 1-0

[Event "SapporoAutumn2018"]
[Site "?"]
[Date "2018.10.07"]
[Round "1.3"]
[White "ITO, Katsuhide"]
[Black "DRAKAKIS, Athanasios"]
[Result "0-1"]
[WhiteElo "1321"]
[BlackElo "1816"]
[Annotator "Fritz 15 (30s)"]
[PlyCount "72"]
[SourceVersionDate "2018.10.07"]

{[%mdl 8256] B01: Scandinavian Defence} 1. e4 d5 2. exd5 Qxd5 3. Nc3 Qa5 4. d4
Nf6 5. Bd2 e6 $146 {Prevents intrusion on d5} (5... Nc6 6. Bb5 Kd8 (6... Qb4 7.
d5 a6 8. Be2 Nd4 9. Nb5 Qc5 10. Nxd4 Qxd4 11. c4 Ne4 12. Be3 Qxb2 13. Kf1 e5
14. Bf3 Nc3 15. Qe1 Qb4 16. Rc1 Nxa2 17. Bd2 Qb2 18. Rb1 Qd4 19. Bd1 Bf5 20.
Rxb7 Qxc4+ 21. Ne2 {Engstrom,K (2255)-Hammargren,P (2225) Sweden 1994 1-0 (39)}
) 7. Bxc6 bxc6 8. Nf3 Bg4 9. h3 Qh5 10. Qe2 e6 11. O-O-O Bxf3 12. gxf3 a5 {
1/2-1/2 (12) Maric,M (2265)-Richtrova,E (2370) Biel 1988}) (5... Qb6 6. Nf3 (6.
Nge2 c6 7. Na4 Qc7 8. Bf4 Qa5+ 9. c3 Bg4 10. Nc5 Nd5 11. Nb3 Qd8 12. Bg3 e6 13.
Qd2 Be7 14. Nbc1 Bg5 15. f4 Bh4 16. Nd3 Nd7 17. O-O-O Bxg3 18. hxg3 N7f6 19.
Nf2 Qa5 20. Kb1 Bf5+ {Hernandez Onna,R (2430)-Rodrigues,A (2260) Buenos Aires
1992 0-1 (38)}) 6... c6 (6... Bg4 7. Bc4 e6 8. Qe2 Bxf3 9. gxf3 Nc6 10. Na4
Qxd4 11. O-O-O Qe5 12. Be3 a6 13. Nc3 g6 14. Rhg1 h6 15. f4 Qh5 16. Qf1 Bg7 17.
Rg3 O-O 18. Rh3 Qa5 19. Bd2 Qc5 20. Be3 Qe7 21. f5 {Levushkina,E (2255)-Dann,M
(2200) Germany 2009 0-1 (42)}) 7. Bc4 Bf5 8. Qe2 e6 9. O-O-O Bb4 10. Ne5 Nbd7
11. Nxd7 Nxd7 12. d5 Bxc3 13. Bxc3 cxd5 14. Rxd5 O-O-O 15. Rdd1 Nf6 16. f3 h5
17. b3 Qc5 18. Kb2 Rhg8 19. a4 Nd5 20. Bd4 {Kramnik,V (2764)-Malakhov,V (2695)
Paris 2004 1-0 (48)}) 6. Bd3 c6 {Consolidates b5} 7. Nf3 {Black is behind in
developement} Qh5 (7... Be7 8. O-O $14) 8. Be2 Qa5 9. Ne4 $1 {Discovered
attack: c3, Bd2xa5} Qd8 (9... Nxe4 10. Bxa5 {Discovered attack}) 10. Bg5 (10.
Nxf6+ Qxf6 11. Bg5 Qf5 $16) 10... Be7 11. Nxf6+ Bxf6 12. Bxf6 {White forks:
g7+d8} Qxf6 13. Ne5 O-O 14. O-O c5 15. Ng4 (15. c3 $5 $14) 15... Qxd4 $11 16.
Qxd4 cxd4 17. Ne5 f6 {Black threatens to win material: f6xe5} 18. Nc4 Nc6 19.
Bd3 Rd8 20. Rad1 e5 21. f4 Be6 (21... exf4 22. Rxf4 Be6 23. a4 $17) 22. Rde1 (
22. fxe5 b5 23. Na3 Nxe5 24. Bxb5 a6 $15) 22... b5 $17 23. Nd2 a6 24. Nf3 Bd5
25. fxe5 Bxf3 26. Rxf3 Nxe5 27. Rf5 Rd6 28. b3 Rc8 29. a4 (29. Be4 Ng4 $17)
29... b4 (29... Nxd3 30. cxd3 b4 31. Rb1 $19) 30. Rf2 $2 (30. Rfxe5 $142 fxe5
31. Rxe5 $17) 30... Nxd3 $19 31. cxd3 Rc3 32. Re8+ Kf7 33. Rfe2 (33. Rb8 Rxb3
34. Rb7+ Ke6 $19) 33... Rd7 34. Ra8 Rxd3 35. Rxa6 Rxb3 36. a5 (36. Rd2 Ra3 37.
Rb6 Rxa4 38. Kf2 $19) 36... d3 (36... d3 37. Rd2 Rc3 $19) 0-1

[Event "SapporoAutumn2018"]
[Site "?"]
[Date "2018.10.07"]
[Round "1.4"]
[White "NISHIMORI, Toshiyuki"]
[Black "TAKEUCHI, Hiroshi"]
[Result "1-0"]
[WhiteElo "1797"]
[BlackElo "1248"]
[Annotator "Fritz 15 (30s)"]
[PlyCount "109"]
[SourceVersionDate "2018.10.07"]

{[%mdl 8256] C11: French: Classical System: 4 e5 and 4 Bg5 dxe4} 1. e4 e6 2. d4
d5 3. Nc3 Nf6 4. e5 Nfd7 5. Nf3 h6 (5... a6 6. Bd3 b5 7. Ne2 c5 8. c3 Nc6 9.
O-O Be7 10. Re1 c4 11. Bc2 Nf8 12. a4 Bd7 13. Nf4 b4 14. cxb4 Nxb4 15. Nh5 Rg8
16. b3 Nxc2 17. Qxc2 Rc8 18. Ba3 Bxa3 19. Rxa3 Qe7 20. Raa1 {Tatar Kis,S (2376)
-Barva,A (2417) Hungary 2001 1-0 (52)}) 6. Bd3 (6. Ne2 b6 7. Nf4 Ba6 8. Bxa6
Nxa6 9. O-O Qe7 10. Qe2 Ndb8 11. c4 c6 12. cxd5 cxd5 13. Bd2 Nc7 14. Rfc1 Nba6
15. Rc6 Qd7 16. Rac1 Be7 17. b4 Rc8 18. Nh5 Nb8 19. R6c3 Kf8 20. Qd3 b5 {
Perez Ponsa,F (2489)-Aparicio,A (2223) La Plata 2012 0-1 (48)}) 6... Bb4 $146 (
6... c5 7. dxc5 Nxc5 8. O-O Nc6 9. Bf4 (9. Qe2 a6 10. a3 b5 11. b4 Nd7 12. Re1
Nb6 13. Nd2 Qc7 14. Nb3 Nc4 15. f4 g6 16. Kh1 Ne7 17. Nd1 Bb7 18. c3 h5 19. Ne3
Nb6 20. Bd2 Nf5 21. Nxf5 gxf5 22. Nd4 Bc8 23. Rf1 Be7 {Sargac,R (2208)-Macek,V
(2214) Rijeka 2005 1/2-1/2 (81)}) 9... a6 10. Bg3 b5 11. Ne2 Qb6 12. c3 a5 13.
Ned4 Ba6 14. Bc2 Rc8 15. Nxc6 Qxc6 16. Nd4 Qb6 17. f4 g6 18. Bh4 b4 19. Rf2 Be7
20. Qg4 Bxh4 21. Qxh4 {Milliet,S (2173)-Macek,V (2222) Saint Vincent 2002 1/
2-1/2 (49)}) (6... c5 7. dxc5 Nc6 8. O-O $11) 7. Bd2 Nc6 {Black's piece can't
move: c8} (7... c5 8. a3 Bxc3 9. Bxc3 $11) 8. a3 $14 {White threatens to win
material: a3xb4} Be7 9. O-O O-O 10. Ne2 Nb6 11. b3 {Black has a cramped
position} Bd7 12. c3 a5 13. a4 Be8 14. Ng3 (14. Re1 f5 $16) 14... f5 15. exf6
Bxf6 16. h3 (16. Re1 $16) 16... Kf7 $2 (16... e5 $142 $5 {and Black can hope
to live} 17. dxe5 Nxe5 $14) 17. Re1 $16 Ke7 18. Bf4 Kd7 19. Qe2 Qe7 20. Bc1 Rh8
21. Bb5 Bg6 22. Ne5+ Bxe5 23. Qxe5 Rae8 24. Bf4 Qd8 $4 {simply worsens the
situation} (24... Kc8 $142 25. Qe2 Qd7 $16) 25. Qxg7+ $18 Bf7 (25... Qe7 {
doesn't do any good} 26. Qxg6 Rhg8 27. Qxh6 $18) 26. Qxf7+ Kc8 27. Rxe6 (27.
Nh5 $5 {keeps an even firmer grip} Re7 28. Qg6 Rg8 29. Qxh6 Rh8 $18) 27... Ref8
28. Qxc7+ (28. Qg6 $142 {might be the shorter path} Rxf4 29. Rxc6 Rff8 $18)
28... Qxc7 29. Bxc7 Kxc7 30. Bxc6 bxc6 31. Rae1 Nd7 32. Re7 Rb8 33. Rb1 (33.
Nf5 {keeps an even firmer grip} Rxb3 34. Rg7 h5 $18) 33... Rhf8 (33... Rbe8 {
cannot change what is in store for White} 34. Rxe8 Rxe8 35. Nf5 $18) 34. Ne2 (
34. f3 {and White can already relax} Rg8 35. Kf2 Rh8 $18) 34... Rf6 (34... Rfe8
{does not save the day} 35. Rxe8 Rxe8 36. Nf4 $18) 35. f3 Rg8 36. Kf2 Rfg6 (
36... Kd6 {does not improve anything} 37. Rh7 $18) 37. Rg1 (37. Nf4 $5 {
seems even better} Rf6 38. Nh5 Rfg6 $18) 37... Kd6 38. Rf7 Re8 (38... Rf6 {
doesn't do any good} 39. Rxf6+ Nxf6 40. Ng3 $18) 39. Rh7 (39. Nf4 $142 $5 {
makes it even easier for White} Rgg8 40. Rh7 Rh8 $18) 39... Rge6 40. Nf4 Rf6
41. Nh5 Rfe6 42. Ng3 Kc7 43. f4 Re3 (43... Kd8 {cannot change destiny} 44. f5
Nf6 45. fxe6 Nxh7 46. Re1 $18) 44. Rc1 Rg8 (44... R3e6 $18 {no good, but what
else?}) 45. Kxe3 Rxg3+ 46. Kf2 Rd3 (46... Rg6 {is not the saving move} 47. f5
Rg5 48. g4 $18) 47. f5 Rd2+ 48. Kf3 h5 (48... c5 49. Re1 Rd3+ 50. Kf4 cxd4 51.
Ree7 Kc6 52. Rxd7 Rxc3 53. f6 Re3 54. f7 Re1 55. Rc7+ Kb6 56. Rc8 Re4+ 57. Kg3
Re3+ 58. Kh2 Re7 59. f8=Q Rxh7 60. Qd6+ Ka7 61. Qb8+ Ka6 62. Rc6#) 49. f6 Kd6
50. Rxd7+ $1 {puts the final touch} Kxd7 51. Re1 Rd3+ 52. Kf4 (52. Kf2 Rxc3 53.
f7 Rc1 54. f8=Q Rxe1 55. Kxe1 Ke6 56. g4 hxg4 57. hxg4 c5 58. dxc5 Kd7 59. Qf7+
Kc6 60. Qe7 d4 61. Qd6+ Kb7 62. Qd7+ Kb8 63. c6 Ka8 64. Qb7#) 52... Rd2 $18 53.
Kg5 (53. Kg3 Rd3+ 54. Kh2 Rd2 55. Kg1 Rd1 56. Rxd1 Ke6 57. Rf1 Kf7 58. h4 c5
59. Kh1 cxd4 60. cxd4 Kg8 61. f7+ Kf8 62. Kg1 Ke7 63. f8=Q+ Kd7 64. Rf7+ Kc6
65. Qc5#) 53... Rxg2+ (53... Rf2 54. g4 Rf3 55. gxh5 Rg3+ 56. Kf4 $18) 54. Kxh5
Rh2 55. Re3 1-0

[Event "SapporoAutumn2018"]
[Site "?"]
[Date "2018.10.07"]
[Round "1.5"]
[White "NAKAMURA, Mitsuru"]
[Black "BRINKMANN, Leonard"]
[Result "0-1"]
[WhiteElo "1125"]
[BlackElo "1762"]
[Annotator "Fritz 15 (30s)"]
[PlyCount "82"]
[SourceVersionDate "2018.10.07"]

{[%mdl 8192] D37: Queen's Gambit Declined: 5 Bf4} 1. d4 d5 2. c4 Nc6 3. Nf3 e6
4. Nc3 Be7 $146 (4... Bb4 5. Bf4 (5. Bg5 Nge7 6. e3 f6 7. Bf4 O-O 8. a3 Bxc3+
9. bxc3 Na5 10. Nd2 b6 11. cxd5 exd5 12. Be2 Be6 13. O-O Qd7 14. Qc2 Rac8 15.
Ba6 Rcd8 16. c4 c6 17. c5 Bf5 18. Qc3 Ra8 19. Ra2 Qd8 {Rychagov,A (2575)
-Dmitriev,I (2380) Saratov 2006 1-0 (50)}) 5... Nge7 6. e3 (6. Bg3 Nf5 7. e3 h5
8. Bf4 Bd7 9. cxd5 exd5 10. Qb3 Qe7 11. Be2 f6 12. h4 O-O-O 13. Kf1 Be6 14. Rc1
Bxc3 15. Rxc3 Nd6 16. Ba6 Qd7 17. Bxd6 cxd6 18. Bb5 Kc7 19. Qa4 Ra8 20. Ke2
Rhb8 {Thompson,I (2195)-Wikner,A (2281) Stockholm 2015 1-0}) 6... dxc4 7. Bxc4
Nd5 8. Rc1 Bxc3+ 9. bxc3 Nxf4 10. exf4 Qd6 11. Qd2 O-O 12. O-O b6 13. Ne5 Bb7
14. Rfe1 Nxe5 15. fxe5 Qe7 16. Qf4 c5 17. Rcd1 Rfd8 18. dxc5 Qxc5 19. h4 {
Bocharov,D (2614)-Dmitriev,I (2310) Voronezh 2007 1/2-1/2 (39)}) (4... Nge7 5.
Bf4 Ng6 6. Bg3 dxc4 7. e4 (7. e3 Bd6 8. Bxc4 O-O 9. a3 a6 10. Rc1 e5 11. Ne4
Bg4 12. Nxd6 cxd6 13. dxe5 dxe5 14. Qxd8 Raxd8 15. Ng5 Nge7 16. h3 Bh5 17. Ne4
Nf5 18. Bh2 Nd6 19. Bd5 Nxe4 20. Bxe4 f6 21. O-O Rd2 {Pogorelov,R (2440)
-Garcia Caballero,L (2275) Las Palmas 1997 1-0 (63)}) 7... Na5 8. Qa4+ c6 9. b4
cxb3 10. axb3 f5 11. exf5 exf5 12. Kd2 f4 13. Bd3 fxg3 14. hxg3 Kf7 15. Qxa5
Qxa5 16. Rxa5 Bb4 17. Ra4 Bxc3+ 18. Kxc3 Kf6 19. Ne5 {Cramling,P (2520)-Garcia
Caballero,L (2275) Las Palmas 1997 1-0 (56)}) 5. e3 Nf6 6. Bd3 O-O 7. O-O Nb4
8. Be2 a5 9. a3 Na6 10. c5 {White gains space} Qe8 11. Bb5 {White threatens to
win material: Bb5xe8} Bd7 {Black threatens to win material: Bd7xb5} 12. Be2 Kh8
(12... Bc8 $5 $11 {is worthy of consideration}) 13. Qc2 $14 b6 14. cxb6 cxb6
15. Bd2 Nc7 16. a4 Rc8 17. b3 (17. Ne5 Bb4 $16) 17... b5 18. Qb2 b4 {Black
wins space} 19. Nb5 (19. Nd1 $142 $5 $11 {would keep White alive}) 19... Nxb5
$17 20. axb5 Bxb5 21. Bxb5 Qxb5 22. Qa2 Bd8 23. Ne5 (23. Rfc1 Bb6 $17) 23...
Ne4 $19 24. Bc1 $4 {the pressure is too much, White crumbles} (24. f3 $142 Nxd2
25. Qxd2 $19) 24... f6 25. Nf3 Bb6 (25... Nc3 $142 {it becomes clear that
Black will call all the shots} 26. Qb2 Ne2+ 27. Kh1 Ng3+ 28. hxg3 Qxf1+ 29. Kh2
Qd1 $19) 26. Qb2 Qd3 27. Ne1 Qc3 28. Qa2 h6 29. f3 Nd6 30. Bd2 Qc7 (30... Qc6
31. Nd3 $19) 31. Nd3 Qc2 32. Ne1 (32. Qxc2 Rxc2 33. Rfd1 Kg8 $17) 32... Qxa2
33. Rxa2 e5 34. Nd3 (34. dxe5 fxe5 35. Nd3 $19) 34... exd4 $19 35. exd4 Bxd4+
36. Kh1 Bb6 (36... Nb7 37. Rd1 $19) 37. Bf4 $2 (37. Nf4 $142 Rfd8 38. Nxd5 $17)
37... Nb5 $19 38. Bd2 Nd4 (38... Rfe8 $142 $19 {might be the shorter path}) 39.
Re1 (39. Be3 Rc3 40. Bxd4 Bxd4 41. Nf4 $19) 39... Nxb3 40. Re6 (40. Rb1 {
cannot undo what has already been done} Nxd2 41. Rxd2 Rc4 $19) 40... Bd4 41.
Rxa5 (41. Bf4 {a last effort to resist the inevitable} g5 42. g3 gxf4 43. Nxf4
Rc1+ 44. Kg2 $19) 41... Nxa5 (41... Nxa5 42. Bxb4 Rfe8 43. Rxe8+ Rxe8 44. Bxa5
Ra8 $19) 0-1

[Event "SapporoAutumn2018"]
[Site "?"]
[Date "2018.10.07"]
[Round "2.1"]
[White "SUGIMOTO, Koichi"]
[Black "NISHIMORI, Toshiyuki"]
[Result "1-0"]
[WhiteElo "1982"]
[BlackElo "1797"]
[Annotator "Fritz 15 (30s)"]
[PlyCount "109"]
[SourceVersionDate "2018.10.07"]

{[%mdl 8192] E91: King's Indian: Classical: 6 Be2, unusual replies including 6.
..c5 and 6...Bg4} 1. d4 Nf6 2. c4 g6 3. Nc3 Bg7 4. e4 d6 5. Nf3 O-O 6. Be2 c5
7. d5 a6 8. O-O e6 9. h3 exd5 10. exd5 Re8 11. Bd3 $146 (11. Bf4 Ne4 12. Nxe4
Rxe4 13. Bg5 Qf8 14. Bd3 Re8 15. Qd2 f6 16. Be3 Nd7 17. Rae1 f5 18. b3 Rb8 19.
a4 h6 20. Qc2 b6 21. Bd2 Ne5 22. Nxe5 dxe5 23. f3 Bd7 24. Re2 b5 25. axb5 axb5
{Shapkin,A (2236)-Munguntuul,B (2433) Moscow 2015 1/2-1/2 (57)}) 11... Nbd7 12.
Bf4 {White threatens to win material: Bf4xd6} Nb6 (12... Nh5 13. Bh2 $14) 13.
a4 $16 {Black has a cramped position} Ra7 14. a5 {White threatens to win
material: a5xb6} Na8 {Black has a cramped position} 15. Qd2 b6 16. axb6 Qxb6 (
16... Nxb6 17. Bh2 $14) 17. Rab1 Nh5 (17... Rb7 18. b3 $16) 18. Bh2 (18. Rfe1
Rxe1+ 19. Rxe1 Bd7 $16) 18... Rae7 (18... Rd7 19. Rfe1 Rxe1+ 20. Qxe1 $16) 19.
Na4 (19. b4 Bd7 20. Ne4 Rxe4 21. Bxe4 Rxe4 22. bxc5 Qxc5 $18) 19... Qd8 20. b4
cxb4 $2 (20... Nb6 $142 21. Nxb6 Qxb6 22. bxc5 Qxc5 $16) 21. Qxb4 $18 Rd7 22.
Rbe1 (22. Rfe1 {makes it even easier for White} Rf8 23. Qa3 Bb7 $18) 22... Rxe1
$2 (22... Rf8 $142 $16) 23. Rxe1 $18 Bf8 (23... Bb7 24. Bxd6 $1 {Deflection: b7
} Rxd6 25. Qxb7 $18) 24. Qb8 Bb7 25. Re8 Qxb8 26. Rxb8 Kg7 27. Nd4 Nf6 28. Nb3
Nxd5 29. cxd5 (29. Na5 $5 {keeps an even firmer grip} Nb4 30. Bf1 Bc6 31. Rxb4
Bxa4 32. Rxa4 d5 $18) 29... Bxd5 30. Nd2 Nc7 (30... Rc7 $18) 31. Nb6 Re7 32.
Kf1 Bc6 (32... Ba2 {hardly improves anything} 33. Bxd6 Re1+ 34. Kxe1 Bxd6 35.
Bc4 $18) 33. Bxd6 Re1+ 34. Kxe1 Bxd6 35. Nbc4 Bf4 36. g3 Bxd2+ 37. Nxd2 Ne6 (
37... Bd5 {a fruitless try to alter the course of the game} 38. Rc8 Nb5 39. Rc5
$18) 38. Rb6 Nd4 (38... Bd7 {cannot change destiny} 39. Bxa6 Nc5 40. Bf1 $18)
39. Rxa6 Bg2 40. h4 Nc6 (40... h6 {doesn't get the cat off the tree} 41. Bc4
Nc6 42. f3 $18) 41. Be4 Nb4 42. Ra4 Bxe4 43. Nxe4 Nd3+ (43... Nc6 {does not
improve anything} 44. Ke2 $18) 44. Ke2 Ne5 45. f4 Ng4 (45... Nc6 {is not the
saving move} 46. Rc4 Ne7 47. Rc7 $18) 46. Ra7 Nh6 47. Kf3 Nf5 48. Rd7 h5 (48...
Kf8 $18 {is still a small chance}) 49. Nd6 Nd4+ 50. Kf2 Ne6 51. Rxf7+ Kh6 52.
Re7 (52. Nf5+ gxf5 53. Rf6+ Kg7 54. Rxe6 Kf7 55. Re1 Kf6 56. Re5 Kg7 57. Ke3
Kf8 58. Kd4 Kf7 59. Rd5 Kf8 60. Ke5 Ke7 61. Rd6 Kf7 62. Rd7+ Ke8 63. Ke6 Kf8
64. Kf6 Kg8 65. Rd5 Kh7 66. Rd8 Kh6 67. Rh8#) 52... Ng7 53. Nf7+ (53. Rd7 Nf5
54. Nxf5+ gxf5 55. Ke3 Kg6 56. Kd4 Kf6 57. Kd5 Kg6 58. Ke6 Kh6 59. Kf7 Kh7 60.
Rd6 Kh8 61. Rh6#) 53... Kh7 $18 54. Ng5+ Kh6 55. Ra7 (55. Ra7 Nf5 56. Rh7#) (
55. Rd7 Nf5 56. Rh7#) 1-0